Άκανθος I : η ανασκαφή στο νεκροταφείο κατά το 1979
Αποθηκεύτηκε σε:
| Κύριος συγγραφέας: | |
|---|---|
| Συγγραφή απο Οργανισμό/Αρχή: | |
| Μορφή: | Βιβλίο |
| Γλώσσα: | Greek |
| Δημοσίευση: |
Αθήνα :
[Ταμείο Αρχαιολογικών Πόρων και Απαλλοτριώσεων],
1998
|
| Σειρά: | Δημοσιεύματα του Αρχαιολογικού Δελτίου ;
; 65 |
| Θέματα: | |
| Ετικέτες: |
Προσθήκη ετικέτας
Δεν υπάρχουν, Καταχωρήστε ετικέτα πρώτοι!
|
MARC
| LEADER | 00000nam a2200000 i 4500 | ||
|---|---|---|---|
| 001 | 1/56595 | ||
| 008 | 071002s1998 gre d | ||
| 020 | |a 960-214-906-X | ||
| 022 | |a 11081244 | ||
| 035 | |l 10091172 | ||
| 040 | |a GR-MY-UA |b gre |e aacr | ||
| 041 | 0 | |a gre |b eng | |
| 082 | 0 | |a 938.21 |2 (22) | |
| 100 | 1 | |a Καλτσάς, Νίκος Ε. | |
| 245 | 1 | 0 | |a Άκανθος I : |b η ανασκαφή στο νεκροταφείο κατά το 1979 / |c Νίκος Ε. Καλτσάς ; Υπουργείο Πολιτισμού |
| 260 | |a Αθήνα : |b [Ταμείο Αρχαιολογικών Πόρων και Απαλλοτριώσεων], |c 1998 | ||
| 300 | |a 537 σ.; |b εικ., πιν., σχ.; |c 29 εκ. | ||
| 490 | 1 | |a Δημοσιεύματα του Αρχαιολογικού Δελτίου |v ; 65 | |
| 500 | |a Περίληψη στα αγγλικά | ||
| 500 | |a Περιέχει 12 διπλωμένα φύλλα σε τσέπη | ||
| 504 | |a Βιβλιογραφία: σ. 11-16 | ||
| 650 | 0 | 0 | |a Tombs |z Greece |z Akanthos (Extinct city) |
| 650 | 0 | 0 | |a Excavations (Archaeology) |z Greece |z Akanthos (Extinct city) |
| 651 | 0 | |a Akanthos (Extinct city) | |
| 710 | 2 | |a Υπουργείο Πολιτισμού. | |
| 830 | 0 | |a Δημοσιεύματα του Αρχαιολογικού Δελτίου ; |v ; 65 | |
| 852 | |a INST |b RHODES |e 20071002 |h 938.21 ΚΑΛ |p 005400025591 |q 005400025591 |t BK |y 0 | ||
| 901 | |a BIBL4-2007-3 | ||
| 909 | |a Ρ |b 138419 | ||
| 922 | |a 4ΕΛΗ |b 200708 |c ΕΠΕΑΕΚ2/ΤΜΣ |d Σ. ΠΑΤΑΚΗΣ | ||
| 970 | |a ΧΑΡΙΟΠΟΛΙΤΟΥ |b ΚΩΝΣΤΑΝΤΙΝΑ |z 2007/10/02 | ||